The burden of proof (Record no. 72762)

MARC details
000 -LEADER
fixed length control field 01425cam a2200241 4500
001 - CONTROL NUMBER
control field ABS66690
008 - FIXED-LENGTH DATA ELEMENTS--GENERAL INFORMATION
fixed length control field 030527n2003 000 0 eng u
035 ## - SYSTEM CONTROL NUMBER
System control number (Sirsi) u122413
100 ## - MAIN ENTRY--PERSONAL NAME
Personal name Brewer, G.
245 #4 - TITLE STATEMENT
Title The burden of proof
260 ## - PUBLICATION, DISTRIBUTION, ETC.
Date of publication, distribution, etc. 2003
490 ## - SERIES STATEMENT
Series statement Contract Journal
Volume/sequential designation 417(6418) 19 March 2003, 26(1)
490 ## - SERIES STATEMENT
Series statement Construction News
Volume/sequential designation (6809) 27 March 2003, 30(1)
520 ## - SUMMARY, ETC.
Summary, etc. Reviews recent case "BHP Billiton Petroleum Ltd v Dalmine SPA" ([2003] EWCA Civ 170; [2003] BLR 271-279(9) which highlighted the problem of determining proof in legal proceedings, where a gas pipeline had failed. It emerged that Dalmine (D) had fraudulently misrepresented the properties of certain pipes, which BHP (B) had relied on. B sued D and won, but D appealed on the grounds that the pipe may have failed anyway. D could not prove this negative hypothesis and the appeal was dismissed. View judgment at www.courtservice.gov.uk.
590 ## - LOCAL NOTE (RLIN)
Local note ABS
650 ## - SUBJECT ADDED ENTRY--TOPICAL TERM
Topical term or geographic name entry element BHP BILLITON PETROLEUM LTD V DALMINE SPA
650 ## - SUBJECT ADDED ENTRY--TOPICAL TERM
Topical term or geographic name entry element BURDEN OF PROOF
650 ## - SUBJECT ADDED ENTRY--TOPICAL TERM
Topical term or geographic name entry element ENGINEERING DISPUTES
650 ## - SUBJECT ADDED ENTRY--TOPICAL TERM
Topical term or geographic name entry element GAS PIPELINES
690 ## - LOCAL SUBJECT ADDED ENTRY--TOPICAL TERM (OCLC, RLIN)
Topical term or geographic name as entry element MANGEMENT-DISPUTE AVOIDANCE, MANAGEMENT AND RESOLUTION-DISPUTE MANAGEMENT AND RESOLUTION
856 ## - ELECTRONIC LOCATION AND ACCESS
Uniform Resource Identifier <a href="https://www.bailii.org/cgi-bin/markup.cgi?doc=/ew/cases/EWCA/Civ/2003/170.html&query=bhp+and+billiton+and+petroleum&method=boolean">https://www.bailii.org/cgi-bin/markup.cgi?doc=/ew/cases/EWCA/Civ/2003/170.html&query=bhp+and+billiton+and+petroleum&method=boolean</a>
Public note View the judgment free of charge at www.bailii.org
942 ## - ADDED ENTRY ELEMENTS (KOHA)
Suppress in OPAC 0
Holdings
Withdrawn status Lost status Source of classification or shelving scheme Damaged status Not for loan Home library Current library Shelving location Date acquired Total Checkouts Full call number Barcode Date last seen Copy number Price effective from Koha item type
    Dewey Decimal Classification     London London Journal article 27/05/2003   ABS66690 122413-1001 06/08/2019 1 06/08/2019 Journal article